Prezentácia majetku v súvahe podľa medzinárodných účtovných noriem (IFRS, US GAAP) diplomová práca

Salvato in:
Dettagli Bibliografici
Autore principale: Valaštínová, Lenka
Ente Autore: Fakulta hospodárskej informatiky EU. Katedra účtovníctva a audítorstva
Altri autori: Blahušiaková, Miriama, 1980-
Natura: Libro
Lingua:slovacco
Pubblicazione: Bratislava 2009
Tags: Aggiungi Tag
Nessun Tag, puoi essere il primo ad aggiungerne!!

MARC

LEADER 00000nam$a2200000$$$4500
001 0097836
005 20240318134843.1
041 0 |a slo 
044 |a SK 
245 1 0 |a Prezentácia majetku v súvahe podľa medzinárodných účtovných noriem (IFRS, US GAAP)  |b diplomová práca  |c Lenka Valaštínová ; škol. Miriama Blahušiaková 
264 1 |a Bratislava  |c 2009 
300 |a 74 s. 
100 1 |a Valaštínová, Lenka 
700 1 |a Blahušiaková, Miriama, 1980- 
710 2 |a Fakulta hospodárskej informatiky EU. Katedra účtovníctva a audítorstva